000 00599nam a22002057a 4500
005 20251108165240.0
008 250721s1976 xx 000 0 ara d
082 1 4 _a915.661/سيد
100 1 _aإبراهيم، سيد محمد
245 1 0 _aالسعودية /
264 1 _aالقاهره :
_bالهيئه المصريه العامه للكتاب،
_c1976.
300 _a195ص
490 0 _aالمكتبة الثقافيه ؛ 331
650 1 7 _aالسعودية
650 1 7 _aالجغرافيا
650 1 7 _aالتاريخ
650 1 7 _aالسفر
942 _2ddc
_cBK
999 _c23184
_d23184